|
|
|
|
| LEADER |
01057nam a2200265 a 4500 |
| 001 |
20415271 |
| 008 |
090819s1989 enka 00010 eng d |
| 010 |
|
|
|a gb 89045478
|
| 020 |
|
|
|a 0521348951 (pbk) :
|
| 040 |
|
|
|a UKM
|c UKM
|d AFU
|
| 082 |
0 |
0 |
|a 401/.41
|2 20
|
| 100 |
1 |
|
|a Brown, Kristine
|9 58544
|
| 245 |
1 |
0 |
|a Writing matters :
|b writing skills and strategies for students of English /
|c Kristine Brown and Susan Hood
|
| 260 |
|
|
|a Cambridge :
|b Cambridge University Press,
|c 1989
|
| 300 |
|
|
|a vi, 149 p. :
|b ill. ;
|c 25 cm
|
| 541 |
1 |
|
|e 00012397
|
| 650 |
|
0 |
|a English language
|x Written English.
|9 58545
|
| 650 |
|
0 |
|a English language
|x Grammar.
|
| 650 |
|
0 |
|a Advertising
|x Language.
|9 58546
|
| 650 |
|
0 |
|a English language
|x Grammar
|x Problems, exercises, etc.
|
| 700 |
1 |
|
|a Hood, Susan
|9 58547
|
| 852 |
4 |
|
|a Ayesha Abed Library
|j General Shelf.
|
| 942 |
|
|
|2 ddc
|c BK
|
| 999 |
|
|
|c 3473
|d 3473
|
| 952 |
|
|
|0 0
|1 0
|2 ddc
|4 0
|6 401_410000000000000_BRO
|7 0
|9 3153
|a BRACUL
|b BRACUL
|c GEN
|d 2009-09-01
|g 1106.00
|l 7
|m 26
|o 401.41 BRO
|p 3010012397
|r 2026-05-18
|s 2026-04-13
|t 1
|w 2009-09-01
|y BK
|